[Event "SLO-chT1 West"]
[Site "Ljubljana"]
[Date "2015.11.06"]
[Round "4"]
[White "Acimovic, Vasja"]
[Black "Potocnik, Primoz"]
[Result "1/2-1/2"]
[WhiteElo "1737"]
[BlackElo "2145"]
[PlyCount "80"]
[EventDate "2015.10.16"]
[EventType "team-tourn"]
[EventRounds "9"]
[EventCountry "SLO"]
[SourceTitle "EXT 2019"]
[Source "ChessBase"]
[SourceDate "2018.10.10"]
[SourceVersion "1"]
[SourceVersionDate "2018.10.10"]
[SourceQuality "1"]
[WhiteTeam "Kocevje"]
[BlackTeam "Trebnje BMP"]
[WhiteTeamCountry "SLO"]
[BlackTeamCountry "SLO"]

1. d4 d5 2. c4 e6 3. Nc3 c5 4. cxd5 exd5 5. Nf3 Nc6 6. g3 Nf6 7. Bg2 Be7 8. 0-0 0-0 9. dxc5 Bxc5 10. Bg5 Be6 11. Bxf6 Qxf6 12. Nxd5 Qxb2 13. Nc7 Rad8 14. Qc1 Qxc1 15. Raxc1 b6 16. Nxe6 fxe6 17. Rfd1 Nd4 18. Nxd4 Bxd4 19. e3 Bc5 20. Bh3 Kf7 21. Kf1 a5 22. Ke2 Rxd1 23. Rxd1 Ke7 24. f4 Rc8 25. f5 exf5 26. Bxf5 Re8 27. e4 g6 28. Bh3 Kf6 29. Bg2 Re7 30. Rd5 a4 31. Kd3 a3 32. Bf3 Ra7 33. Bd1 Ra5 34. Bb3 Rb5 35. Kc2 Rb4 36. e5+ Ke7 37. e6 Rd4 38. Rxd4 Bxd4 39. Kd3 Bc5 40. Ke4 Kd6 1/2-1/2

[Event "SLO-chT1 West"]
[Site "Ljubljana"]
[Date "2014.10.12"]
[Round "6"]
[White "Rozman, Mitja"]
[Black "Potocnik, Primoz"]
[Result "1/2-1/2"]
[WhiteElo "2101"]
[BlackElo "2146"]
[PlyCount "82"]
[EventDate "2014.10.03"]
[EventType "team-tourn"]
[EventRounds "9"]
[EventCountry "SLO"]
[SourceTitle "EXT 2019"]
[Source "ChessBase"]
[SourceDate "2018.10.10"]
[SourceVersion "1"]
[SourceVersionDate "2018.10.10"]
[SourceQuality "1"]
[WhiteTeam "Tomo Zupan Vzajemna"]
[BlackTeam "Trebnje BMP"]
[WhiteTeamCountry "SLO"]
[BlackTeamCountry "SLO"]

1. Nf3 d5 2. g3 c5 3. Bg2 Nc6 4. 0-0 Nf6 5. d3 Bg4 6. c3 e6 7. Qc2 Be7 8. a4 0-0 9. h3 Bh5 10. g4 Bg6 11. Nh4 Bd6 12. f4 Nd7 13. Nxg6 hxg6 14. Na3 a6 15. e4 Qh4 16. Qf2 Qxf2+ 17. Rxf2 Ne7 18. Be3 Rfe8 19. Rd1 Rab8 20. Bf3 b5 21. axb5 axb5 22. e5 Bc7 23. c4 bxc4 24. dxc4 d4 25. Bc1 Rb3 26. Kg2 g5 27. Nb5 Bb8 28. Nd6 Rd8 29. Nb7 Rc8 30. Nd6 Rd8 31. Nb7 Rf8 32. f5 exf5 33. Bxg5 Ng6 34. Na5 Rb6 35. gxf5 Ngxe5 36. Bd5 Bc7 37. Bf4 Rfb8 38. Nc6 Re8 39. Re2 Kf8 40. Nxe5 Bxe5 41. Bc1 Bd6 1/2-1/2

[Event "SLO-chT1 West"]
[Site "Ljubljana"]
[Date "2014.10.10"]
[Round "4"]
[White "Ciglic, Boris"]
[Black "Potocnik, Primoz"]
[Result "0-1"]
[WhiteElo "2086"]
[BlackElo "2146"]
[PlyCount "32"]
[EventDate "2014.10.03"]
[EventType "team-tourn"]
[EventRounds "9"]
[EventCountry "SLO"]
[SourceTitle "EXT 2019"]
[Source "ChessBase"]
[SourceDate "2018.10.10"]
[SourceVersion "1"]
[SourceVersionDate "2018.10.10"]
[SourceQuality "1"]
[WhiteTeam "Gorenjka Lesce"]
[BlackTeam "Trebnje BMP"]
[WhiteTeamCountry "SLO"]
[BlackTeamCountry "SLO"]

1. Nf3 d5 2. c4 e6 3. d4 c5 4. cxd5 exd5 5. g3 Nc6 6. Bg2 Nf6 7. 0-0 Be7 8. Nc3 0-0 9. h3 Be6 10. Be3 c4 11. Ne5 Qa5 12. Qd2 Rad8 13. Nxc6 bxc6 14. Nxd5 Rxd5 15. Bxd5 Qxd5 16. h4 Qd8 0-1

[Event "SLO-chT1 West"]
[Site "Ljubljana"]
[Date "2010.10.08"]
[Round "4.3"]
[White "Bulatovic, Milorad"]
[Black "Potocnik, Primoz"]
[Result "1-0"]
[WhiteElo "1978"]
[BlackElo "2164"]
[PlyCount "72"]
[EventDate "2010.09.24"]
[EventType "team-tourn"]
[EventRounds "9"]
[EventCountry "SLO"]
[SourceTitle "CBM 138 Extra"]
[Source "ChessBase"]
[SourceDate "2010.10.29"]
[SourceVersion "1"]
[SourceVersionDate "2010.10.29"]
[SourceQuality "1"]
[WhiteTeam "Krajn Stari Mayr"]
[BlackTeam "Trebnje BMP"]
[WhiteTeamCountry "SLO"]
[BlackTeamCountry "SLO"]

1. b3 e5 2. Bb2 Nc6 3. e3 d6 4. Bb5 Bd7 5. Nc3 g6 6. Nf3 Bg7 7. Rb1 Nge7 8. d3 0-0 9. 0-0 a6 10. Bxc6 Nxc6 11. e4 f5 12. h3 Be6 13. Bc1 h6 14. Nd5 Bxd5 15. exd5 Nb4 16. c4 Nxa2 17. Bd2 a5 18. Qc2 Nb4 19. Bxb4 axb4 20. Qd2 b6 21. Qxb4 Ra2 22. Rbd1 Qf6 23. Rd2 Rfa8 24. Rfd1 Ra1 25. Ne1 h5 26. Rxa1 Rxa1 27. Re2 e4 28. dxe4 Qc3 29. Qxc3 Bxc3 30. Kf1 f4 31. f3 Rb1 32. Kf2 Bd4+ 33. Kf1 Bc3 34. Kf2 Bb4 35. e5 Bc5+ 36. Kf1 Bd4 1-0

[Event "SLO-chT1 West"]
[Site "Ljubljana"]
[Date "2008.11.21"]
[Round "6.3"]
[White "Potocnik, Primoz"]
[Black "Baric, Dusan"]
[Result "1/2-1/2"]
[WhiteElo "2194"]
[BlackElo "2120"]
[PlyCount "39"]
[EventDate "2008.11.13"]
[EventType "team-tourn"]
[EventRounds "9"]
[EventCountry "SLO"]
[SourceTitle "EXT 2010"]
[Source "ChessBase"]
[SourceDate "2010.11.25"]
[SourceVersion "1"]
[SourceVersionDate "2010.11.25"]
[SourceQuality "1"]
[WhiteTeam "Trebnje BMP"]
[BlackTeam "Stari Mayr Kranj"]
[WhiteTeamCountry "SLO"]
[BlackTeamCountry "SLO"]

1. d4 Nf6 2. c4 g6 3. Nc3 Bg7 4. e4 d6 5. Be2 0-0 6. Bg5 h6 7. Be3 Nc6 8. Qd2 Kh7 9. f3 e5 10. d5 Ne7 11. g4 Nfg8 12. h4 f5 13. h5 f4 14. Bf2 g5 15. Bd1 Nf6 16. Nge2 Bd7 17. Nc1 Neg8 18. Nd3 Rf7 19. Rg1 Bf8 20. Rc1 1/2-1/2

[Event "SLO-chT1 West"]
[Site "Ljubljana"]
[Date "2008.11.13"]
[Round "1.3"]
[White "Potocnik, Primoz"]
[Black "Rusjan, Dusan"]
[Result "1-0"]
[WhiteElo "2194"]
[BlackElo "2153"]
[PlyCount "49"]
[EventDate "2008.11.13"]
[EventType "team-tourn"]
[EventRounds "9"]
[EventCountry "SLO"]
[SourceTitle "EXT 2010"]
[Source "ChessBase"]
[SourceDate "2010.11.25"]
[SourceVersion "1"]
[SourceVersionDate "2010.11.25"]
[SourceQuality "1"]
[WhiteTeam "Trebnje BMP"]
[BlackTeam "Nova Gorica"]
[WhiteTeamCountry "SLO"]
[BlackTeamCountry "SLO"]

1. d4 Nf6 2. c4 c5 3. d5 e6 4. Nc3 exd5 5. cxd5 d6 6. e4 g6 7. f4 Bg7 8. Bb5+ Bd7 9. e5 Bxb5 10. exf6 Bxf6 11. Nxb5 Qa5+ 12. Nc3 Bxc3+ 13. bxc3 Qxc3+ 14. Bd2 Qd4 15. Qe2+ Kd7 16. Qb5+ Kc8 17. Rb1 Qxd5 18. Nf3 a6 19. Qb2 Re8+ 20. Kf2 b5 21. a4 b4 22. Bxb4 cxb4 23. Rbc1+ Kd8 24. Qf6+ Kd7 25. Rhd1 1-0

[Event "SLO-chT2"]
[Site "Ljubljana"]
[Date "2007.11.17"]
[Round "3.3"]
[White "Hasanagic, Alim"]
[Black "Potocnik, Primoz"]
[Result "1/2-1/2"]
[WhiteElo "2095"]
[BlackElo "2209"]
[PlyCount "81"]
[EventDate "2007.11.15"]
[EventType "team"]
[EventRounds "9"]
[EventCountry "SLO"]
[SourceTitle "CBM 121 Extra"]
[Source "ChessBase"]
[SourceDate "2008.01.10"]
[SourceVersion "1"]
[SourceVersionDate "2008.01.10"]
[SourceQuality "1"]
[WhiteTeam "Jesenice"]
[BlackTeam "Trebnje BMP"]
[WhiteTeamCountry "SLO"]
[BlackTeamCountry "SLO"]

1. d4 d5 2. c4 e6 3. Nf3 c5 4. cxd5 exd5 5. g3 Nc6 6. Bg2 Nf6 7. 0-0 Be7 8. Nc3 0-0 9. Bg5 Be6 10. dxc5 Bxc5 11. Rc1 Be7 12. Nd4 Nxd4 13. Qxd4 Qa5 14. b4 Qa3 15. e4 Rac8 16. Nb5 Qxb4 17. Bxf6 gxf6 18. Qxb4 Bxb4 19. exd5 Bf5 20. Rfd1 Bg4 21. Rxc8 Rxc8 22. Rb1 a5 23. a3 Bf5 24. Ra1 Bc5 25. Rd1 Bc2 26. Rd2 Ba4 27. Nc3 Bd7 28. Ne4 Be7 29. h4 Kg7 30. Rb2 Rc1+ 31. Kh2 b5 32. d6 Bd8 33. Rd2 Bb6 34. Bh3 f5 35. f3 fxe4 36. Bxd7 exf3 37. Bxb5 f2 38. Rb2 Bc5 39. d7 Rd1 40. Rc2 Bb6 41. Rc6 1/2-1/2

[Event "SLO-chT1 West"]
[Site "Otocec"]
[Date "2006.11.18"]
[Round "4"]
[White "Potocnik, Primoz"]
[Black "Volf, Ziga"]
[Result "1/2-1/2"]
[WhiteElo "2218"]
[BlackElo "2193"]
[PlyCount "49"]
[EventDate "2006.11.16"]
[EventType "team"]
[EventRounds "9"]
[EventCountry "SLO"]
[SourceTitle "EXT 2008"]
[Source "ChessBase"]
[SourceDate "2007.11.25"]
[SourceVersion "1"]
[SourceVersionDate "2007.11.25"]
[SourceQuality "1"]

1. d4 Nf6 2. c4 g6 3. Nc3 Bg7 4. e4 d6 5. Be2 0-0 6. Bg5 Nbd7 7. Qd2 e5 8. d5 Nc5 9. f3 a5 10. g4 c6 11. h4 a4 12. Nh3 Qa5 13. Nf2 cxd5 14. cxd5 Bd7 15. h5 Rac8 16. Rb1 Ra8 17. Kf1 b5 18. h6 Bh8 19. Kg2 Rfc8 20. Rhc1 Ne8 21. Be3 Bf6 22. Nd3 b4 23. Nd1 Nxd3 24. Bxd3 Bd8 25. Rxc8 1/2-1/2

[Event "SLO-chT"]
[Site "Bled"]
[Date "2005.11.05"]
[Round "3"]
[White "Potocnik, Primoz"]
[Black "Skoberne, Renato"]
[Result "0-1"]
[WhiteElo "2238"]
[BlackElo "2102"]
[PlyCount "118"]
[EventDate "2005.11.03"]
[EventType "team"]
[EventRounds "9"]
[EventCountry "SLO"]
[SourceTitle "CBM 109 Extra"]
[Source "ChessBase"]
[SourceDate "2006.01.03"]
[SourceVersion "2"]
[SourceVersionDate "2006.01.03"]
[SourceQuality "1"]

1. d4 c5 2. d5 e5 3. e4 d6 4. Bb5+ Nd7 5. a4 a6 6. Bd3 Ne7 7. a5 Nf6 8. Nd2 Ng6 9. g3 Be7 10. Nc4 0-0 11. h4 h5 12. Bg5 Ng4 13. Nh3 f6 14. Bd2 Kh7 15. Be2 Rb8 16. Bd3 Qe8 17. Qe2 Bd7 18. Nb6 Bd8 19. Nxd7 Qxd7 20. f3 Nh6 21. Ng5+ fxg5 22. hxg5 h4 23. gxh6 gxh6 24. f4 exf4 25. gxf4 Nxf4 26. Bxf4 Rxf4 27. e5+ Kh8 28. 0-0-0 Qg7 29. Rde1 Bg5 30. Kb1 dxe5 31. Qxe5 Qxe5 32. Rxe5 c4 33. Be2 b6 34. d6 Rd4 35. Rd1 Rxd1+ 36. Bxd1 bxa5 37. d7 Kg7 38. Re8 Rd8 39. Bg4 a4 40. Re4 h5 41. Bh3 Rf8 42. Rxc4 Rf3 43. Bg2 Rg3 44. Bb7 a5 45. Ka2 h3 46. Rc5 Bd8 47. Rc8 Bb6 48. d8Q Bxd8 49. Rxd8 h2 50. Rd3 h4 51. Rxg3+ hxg3 52. Ka3 Kf6 53. Kxa4 Ke5 54. c4 Kd4 55. c5 Ke3 56. Bh1 Kf2 57. c6 g2 58. c7 gxh1Q 59. c8Q Qa1+ 0-1

[Event "SLO-chT"]
[Site "Bled"]
[Date "2005.11.04"]
[Round "2"]
[White "Karnar, Marijan"]
[Black "Potocnik, Primoz"]
[Result "1/2-1/2"]
[WhiteElo "2259"]
[BlackElo "2238"]
[PlyCount "34"]
[EventDate "2005.11.03"]
[EventType "team"]
[EventRounds "9"]
[EventCountry "SLO"]
[SourceTitle "CBM 109 Extra"]
[Source "ChessBase"]
[SourceDate "2006.01.03"]
[SourceVersion "2"]
[SourceVersionDate "2006.01.03"]
[SourceQuality "1"]

1. c4 e6 2. g3 d5 3. Bg2 Nf6 4. Nf3 c5 5. d4 Nc6 6. cxd5 exd5 7. 0-0 Be7 8. b3 Ne4 9. Bb2 Bf6 10. e3 Bg4 11. Na3 cxd4 12. exd4 0-0 13. Nc2 Re8 14. Re1 Qa5 15. a3 Rad8 16. Re3 Bg5 17. Rd3 Bf6 1/2-1/2

[Event "SLO-chT2W"]
[Site "Slovenia"]
[Date "2002.11.23"]
[Round "4.2"]
[White "Potocnik, Primoz"]
[Black "Zvan, Ziga"]
[Result "0-1"]
[WhiteElo "2247"]
[BlackElo "2128"]
[PlyCount "53"]
[EventDate "2002.11.22"]
[EventType "team"]
[EventRounds "7"]
[EventCountry "SLO"]
[SourceTitle "EXT 2005"]
[Source "ChessBase"]
[SourceDate "2004.11.15"]
[SourceVersion "1"]
[SourceVersionDate "2004.11.15"]
[SourceQuality "1"]

1. d4 Nf6 2. c4 g6 3. Nc3 d5 4. Nf3 Bg7 5. e3 0-0 6. cxd5 Nxd5 7. Bc4 Nb6 8. Bb3 Nc6 9. d5 Na5 10. 0-0 Nxb3 11. Qxb3 Bxc3 12. Qxc3 Nxd5 13. Qb3 Nb6 14. Rd1 Bd7 15. Qc3 Qc8 16. e4 f6 17. a4 Bg4 18. Bh6 Rf7 19. Rdc1 Bxf3 20. Qxf3 c6 21. a5 Nd7 22. Qc3 e5 23. a6 c5 24. b4 b6 25. Be3 Qc6 26. bxc5 Rc8 27. Qc4 0-1

[Event "SLO-chT2W"]
[Site "Slovenia"]
[Date "2002.11.23"]
[Round "3.4"]
[White "Vrcon, Damijan"]
[Black "Potocnik, Primoz"]
[Result "1/2-1/2"]
[WhiteElo "2177"]
[BlackElo "2247"]
[PlyCount "88"]
[EventDate "2002.11.22"]
[EventType "team"]
[EventRounds "7"]
[EventCountry "SLO"]
[SourceTitle "EXT 2005"]
[Source "ChessBase"]
[SourceDate "2004.11.15"]
[SourceVersion "1"]
[SourceVersionDate "2004.11.15"]
[SourceQuality "1"]

1. e4 e5 2. Nf3 Nc6 3. Bb5 Bc5 4. 0-0 d6 5. c3 Bd7 6. d4 Bb6 7. a4 a6 8. Bxc6 Bxc6 9. dxe5 dxe5 10. Nxe5 Qxd1 11. Rxd1 Bxe4 12. Nd2 Bc2 13. Re1 Ne7 14. Ndc4 Ba7 15. Nf3 Bb3 16. Nfd2 Bxc4 17. Nxc4 0-0-0 18. Bg5 f6 19. Bxf6 gxf6 20. Rxe7 b5 21. axb5 axb5 22. Ne3 Kb7 23. Nf1 Rhe8 24. Rae1 Rxe7 25. Rxe7 Rd1 26. Rxh7 Rb1 27. Rf7 Rxb2 28. Rxf6 Rc2 29. Rf3 Bb6 30. g4 Ba5 31. Rf5 Kc6 32. Ne3 Rc1+ 33. Kg2 Bxc3 34. g5 b4 35. g6 b3 36. Nc4 b2 37. Nxb2 Bxb2 38. h4 Kd6 39. h5 Ke6 40. Rf7 Rc5 41. f4 Rxh5 42. Rxc7 Rh6 43. Rc6+ Kf5 44. g7 Rxc6 1/2-1/2

[Event "SLO Cup final"]
[Site "Rogla"]
[Date "2002.06.09"]
[Round "4"]
[White "Serdt, Simon"]
[Black "Potocnik, Primoz"]
[Result "1/2-1/2"]
[WhiteElo "2209"]
[BlackElo "2247"]
[PlyCount "53"]
[EventDate "2002.06.07"]
[EventType "swiss"]
[EventRounds "5"]
[EventCountry "SLO"]
[SourceTitle "EXT 2008"]
[Source "ChessBase"]
[SourceDate "2007.11.25"]
[SourceVersion "1"]
[SourceVersionDate "2007.11.25"]
[SourceQuality "1"]

1. d4 d5 2. c4 e6 3. Nf3 c5 4. e3 Nf6 5. Nc3 Nc6 6. a3 a6 7. Ne5 Bd6 8. f4 0-0 9. Be2 Qc7 10. Bf3 Rd8 11. 0-0 cxd4 12. exd4 Nxd4 13. cxd5 Nxf3+ 14. Qxf3 exd5 15. Be3 Bc5 16. Ne2 Qb6 17. Bxc5 Qxc5+ 18. Qf2 Qxf2+ 19. Kxf2 Bf5 20. Nd4 Be4 21. Rac1 Rac8 22. g4 Ne8 23. g5 Nd6 24. Ke3 Kf8 25. Rxc8 Rxc8 26. f5 Nxf5+ 27. Nxf5 1/2-1/2

[Event "SLO Cup final"]
[Site "Rogla"]
[Date "2002.06.08"]
[Round "3"]
[White "Potocnik, Primoz"]
[Black "Gruskovnjak, Tomislav"]
[Result "1-0"]
[WhiteElo "2247"]
[BlackElo "2268"]
[PlyCount "94"]
[EventDate "2002.06.07"]
[EventType "swiss"]
[EventRounds "5"]
[EventCountry "SLO"]
[SourceTitle "EXT 2008"]
[Source "ChessBase"]
[SourceDate "2007.11.25"]
[SourceVersion "1"]
[SourceVersionDate "2007.11.25"]
[SourceQuality "1"]

1. d4 d5 2. c4 dxc4 3. Nf3 Nf6 4. e3 e6 5. Bxc4 c5 6. 0-0 a6 7. a4 Nc6 8. Qe2 Qc7 9. Rd1 Be7 10. Nc3 0-0 11. h3 Na5 12. Ba2 b6 13. e4 cxd4 14. Nxd4 Bb7 15. e5 Ne8 16. Bf4 Nc6 17. Nf3 Nb4 18. Bb1 Rd8 19. Be4 Nd5 20. Bxd5 exd5 21. Nd4 Bc5 22. Qd2 Bxd4 23. Qxd4 Qc6 24. Be3 b5 25. axb5 axb5 26. Qb6 b4 27. Qxd8 bxc3 28. Bd4 cxb2 29. Rab1 Nc7 30. Qd6 Qc2 31. Qb6 Bc8 32. Qxb2 Qg6 33. Qc3 Bf5 34. Rb7 Ne6 35. Qe3 Be4 36. f3 Bf5 37. Kh2 h5 38. g4 hxg4 39. hxg4 Bc2 40. Rd2 Rc8 41. Kg3 Qh7 42. Rh2 Qd3 43. Qxd3 Bxd3 44. Bb2 g5 45. Ba3 Kg7 46. Be7 d4 47. Rhb2 Bg6 1-0

[Event "SLO-chT West"]
[Site "Bled"]
[Date "2001.11.16"]
[Round "1"]
[White "Potocnik, Primoz"]
[Black "Osolin, Bojan"]
[Result "1-0"]
[WhiteElo "2173"]
[BlackElo "2093"]
[PlyCount "54"]
[EventDate "2001.11.18"]
[EventType "team"]
[EventRounds "7"]
[EventCountry "SLO"]
[SourceTitle "EXT 2003"]
[Source "ChessBase"]
[SourceDate "2002.11.25"]
[SourceVersion "1"]
[SourceVersionDate "2002.11.25"]
[SourceQuality "1"]

1. d4 Nf6 2. c4 e6 3. Nc3 d5 4. Bg5 Be7 5. e3 h6 6. Bxf6 Bxf6 7. Nf3 0-0 8. Rc1 c6 9. Bd3 Nd7 10. 0-0 dxc4 11. Bxc4 e5 12. Bb3 exd4 13. exd4 Re8 14. Re1 Nb6 15. Qd3 Be6 16. Bxe6 Rxe6 17. Rxe6 fxe6 18. Re1 c5 19. Qe4 Bxd4 20. Qxe6+ Kh8 21. Ne4 Qg8 22. Qg6 Nc4 23. Neg5 Nd6 24. Qxd6 hxg5 25. Nxg5 Re8 26. Re7 Rxe7 27. Qxe7 Qxa2 1-0

[Event "Pula op 14th"]
[Site "Pula"]
[Date "2000.05.24"]
[Round "9"]
[White "Marinsek, Tomaz"]
[Black "Potocnik, Primoz"]
[Result "1-0"]
[WhiteElo "2184"]
[BlackElo "2272"]
[PlyCount "91"]
[EventDate "2000.05.16"]
[EventType "swiss"]
[EventRounds "9"]
[EventCountry "CRO"]
[SourceTitle "CBM 076 Extra"]
[Source "ChessBase"]
[SourceDate "2000.07.11"]
[SourceVersion "1"]
[SourceVersionDate "2000.07.11"]
[SourceQuality "1"]

1. e4 e5 2. Nf3 Nc6 3. Bb5 Bc5 4. c3 Nge7 5. d4 exd4 6. cxd4 Bb4+ 7. Bd2 Bxd2+ 8. Qxd2 d5 9. Nc3 0-0 10. h3 dxe4 11. Nxe4 Bf5 12. Nc3 Nb4 13. 0-0 c6 14. Bc4 Re8 15. a3 Nbd5 16. Rfe1 h6 17. Nxd5 Nxd5 18. Rxe8+ Qxe8 19. Bxd5 cxd5 20. Re1 Be6 21. Ne5 Rc8 22. Qa5 a6 23. Qb6 Qe7 24. Re3 Rc1+ 25. Kh2 Qc7 26. Rb3 Qxb6 27. Rxb6 Rc7 28. Kg3 Kf8 29. Nd3 Ke7 30. Nc5 Bc8 31. Kf4 Rc6 32. Rxc6 bxc6 33. b4 Kd6 34. h4 g6 35. g4 f6 36. Kg3 f5 37. gxf5 gxf5 38. Kf4 Kc7 39. Ke5 Kb6 40. Nd3 Kb5 41. Nb2 h5 42. f4 a5 43. bxa5 Kxa5 44. Nd3 Ka4 45. Kd6 Kb5 46. Ne5 1-0

[Event "Pula op 14th"]
[Site "Pula"]
[Date "2000.05.22"]
[Round "7"]
[White "Potocnik, Primoz"]
[Black "Mar, Karmen"]
[Result "1-0"]
[WhiteElo "2272"]
[BlackElo "2029"]
[PlyCount "67"]
[EventDate "2000.05.16"]
[EventType "swiss"]
[EventRounds "9"]
[EventCountry "CRO"]
[SourceTitle "CBM 076 Extra"]
[Source "ChessBase"]
[SourceDate "2000.07.11"]
[SourceVersion "1"]
[SourceVersionDate "2000.07.11"]
[SourceQuality "1"]

1. d4 d5 2. c4 c6 3. Nc3 Nf6 4. e3 g6 5. Nf3 Bg7 6. Bd3 0-0 7. 0-0 dxc4 8. Bxc4 Bg4 9. h3 Bxf3 10. Qxf3 Nbd7 11. Rd1 e5 12. Bb3 Qe7 13. dxe5 Nxe5 14. Qe2 Rad8 15. Bd2 Nd3 16. Be1 Nc5 17. Bc2 Rfe8 18. Qc4 Nfd7 19. Qb4 Ne5 20. Ne4 Ncd3 21. Qxe7 Rxe7 22. Nc5 Nxc5 23. Rxd8+ Bf8 24. Bc3 Rd7 25. Rd1 Rxd1+ 26. Bxd1 Nc4 27. Bb3 Nb6 28. Bb4 Nbd7 29. Bc3 a6 30. Bd4 h5 31. Bc2 a5 32. a3 b6 33. b4 axb4 34. axb4 1-0

[Event "SLO-chT"]
[Site "Kranj"]
[Date "1999.??.??"]
[Round "?"]
[White "Truta, Srecko"]
[Black "Potocnik, Primoz"]
[Result "1-0"]
[WhiteElo "2203"]
[BlackElo "2247"]
[PlyCount "75"]
[EventDate "1999.??.??"]
[EventType "team"]
[EventRounds "7"]
[EventCountry "SLO"]
[SourceTitle "EXT 2002"]
[Source "ChessBase"]
[SourceDate "2001.11.25"]
[SourceVersion "1"]
[SourceVersionDate "2001.11.25"]
[SourceQuality "1"]

1. d4 Nf6 2. Nf3 d5 3. c4 e6 4. g3 c5 5. cxd5 exd5 6. Bg2 Nc6 7. Nc3 Be7 8. 0-0 0-0 9. Bf4 Bg4 10. Ne5 Bh5 11. dxc5 Bxc5 12. Nd3 Be7 13. Rc1 Qa5 14. Bd2 Qa6 15. Nf4 d4 16. Nxh5 dxc3 17. Nxf6+ Bxf6 18. Bxc3 Bxc3 19. bxc3 Qxa2 20. Qd7 Rab8 21. Bxc6 bxc6 22. e3 Qc4 23. Qxa7 Rfd8 24. Rfd1 h6 25. Rd4 Qe2 26. Qc7 Rdc8 27. Qd7 Qb2 28. Rdd1 Qb3 29. Qe7 Ra8 30. c4 Qb2 31. Qd7 Rcb8 32. Qxc6 Ra2 33. Qf3 Rb6 34. Rd8+ Kh7 35. Qf5+ Rg6 36. Rb1 Qf6 37. Rbb8 Qa1+ 38. Kg2 1-0

[Event "SLO-chT2"]
[Site "Skofja Loka"]
[Date "1998.??.??"]
[Round "?"]
[White "Belamaric, Goran"]
[Black "Potocnik, Primoz"]
[Result "1/2-1/2"]
[WhiteElo "2125"]
[BlackElo "2235"]
[PlyCount "100"]
[EventDate "1998.11.27"]
[EventType "team"]
[EventRounds "7"]
[EventCountry "SLO"]
[SourceTitle "EXT 2001"]
[Source "ChessBase"]
[SourceDate "2000.11.22"]
[SourceVersion "1"]
[SourceVersionDate "2000.11.22"]
[SourceQuality "1"]

1. e4 e5 2. Nf3 Nc6 3. d4 exd4 4. c3 d5 5. exd5 Qxd5 6. cxd4 Bg4 7. Be2 Bb4+ 8. Nc3 Bxf3 9. Bxf3 Qc4 10. Be3 Nf6 11. Qb3 Qxb3 12. axb3 a5 13. 0-0 0-0-0 14. Rfd1 h6 15. Na2 Nd5 16. Nxb4 Ndxb4 17. d5 Ne5 18. Rxa5 Nxf3+ 19. gxf3 b6 20. Ra4 c5 21. Ra7 g5 22. d6 Rh7 23. f4 Rd7 24. Ra8+ Kb7 25. Rf8 Nc2 26. fxg5 Nxe3 27. fxe3 hxg5 28. Rg8 f6 29. Rf8 Rh6 30. e4 Kc6 31. Rc8+ Kb7 32. Re8 Rh4 33. Re6 Kc6 34. Rd3 Rf4 35. Kg2 f5 36. e5 Rd4 37. Rf3 f4 38. Rg6 Rd5 39. Re6 Rd2+ 40. Rf2 Rd3 41. Rg6 Rd5 42. Re2 Rd3 43. Rf2 Rd5 44. Re6 Rf7 45. Re8 Kd7 46. Rb8 Rxe5 47. Rxb6 Rd5 48. h4 Rf6 49. hxg5 Rxg5+ 50. Kf3 Rg3+ 1/2-1/2

[Event "SLO-chT2"]
[Site "Skofja Loka"]
[Date "1998.??.??"]
[Round "?"]
[White "Potocnik, Primoz"]
[Black "Susnik, Matej"]
[Result "1/2-1/2"]
[WhiteElo "2235"]
[BlackElo "2230"]
[PlyCount "63"]
[EventDate "1998.11.27"]
[EventType "team"]
[EventRounds "7"]
[EventCountry "SLO"]
[SourceTitle "EXT 2001"]
[Source "ChessBase"]
[SourceDate "2000.11.22"]
[SourceVersion "1"]
[SourceVersionDate "2000.11.22"]
[SourceQuality "1"]

1. Nf3 c5 2. e3 e6 3. b3 Nf6 4. Bb2 Be7 5. c4 0-0 6. d4 d5 7. Bd3 Nc6 8. Nbd2 cxd4 9. exd4 b6 10. Rc1 Bb7 11. 0-0 Rc8 12. Re1 Rc7 13. Ne5 Qa8 14. Re3 Nxe5 15. dxe5 Ne4 16. Bxe4 dxe4 17. Qg4 Rd8 18. Nxe4 Bxe4 19. Rxe4 Rcd7 20. Rd4 Rxd4 21. Bxd4 Rd7 22. Be3 Qd8 23. g3 Rd3 24. Qe4 h6 25. h4 Bc5 26. Bxc5 bxc5 27. Rc2 Rd1+ 28. Kg2 Ra1 29. Qe2 Rd1 30. Qe4 Ra1 31. Qe2 Rd1 32. Qe4 1/2-1/2